[Event "Israel Championship 2021"]
[Site "Haifa"]
[Date "2021.03.13"]
[Round "7.3"]
[White "Sokolovsky, Yahli"]
[Black "Gorshtein, Ido"]
[Result "1/2-1/2"]
[WhiteElo "2472"]
[BlackElo "2387"]
[Annotator "ChessBase"]
[PlyCount "52"]
[EventDate "2021.01.10"]
[EventType "swiss"]
[EventCountry "ISR"]
[SourceTitle "playchess.com"]
[Source "ChessBase"]
[SourceQuality "1"]
[TimeControl "40/5400+30:3600+30"]

1. e4 {[%emt 0:00:47]} e6 {[%emt 0:00:00]} 2. d4 {[%emt 0:02:12]} d5 {[%emt 0:00:00]} 3. Nd2 {[%emt 0:01:59]} c5 {[%emt 0:00:00]} 4. Ngf3 {[%emt 0:01:59]} Nf6 {[%emt 0:00:26]} 5. exd5 {[%emt 0:08:05]} Nxd5 {[%emt 0:01:49]} 6. Nb3 {[%emt 0:04:23]} cxd4 {[%emt 0:01:51]} 7. Nbxd4 {[%emt 0:00:24]} Be7 {[%emt 0:02:33]} 8. c3 {[%emt 0:06:40]} O-O {[%emt 0:00:37]} 9. Bd3 {[%emt 0:00:09]} Bf6 {[%emt 0:15:21]} 10. Qc2 {[%emt 0:18:06]} h6 {[%emt 0:05:16]} 11. O-O {[%emt 0:02:08]} Qc7 {[%emt 0:09:09]} 12. Be4 {[%emt 0:03:49]} Rd8 {[%emt 0:03:05]} 13. Bd2 {[%emt 0:01:31]} Na6 {[%emt 0:03:21]} 14. Rad1 {[%emt 0:04:12]} Nc5 {[%emt 0:02:41]} 15. Bh7+ {[%emt 0:01:49]} Kh8 {[%emt 0:00:37]} 16. b4 {[%emt 0:02:03]} Na6 {[%emt 0:03:40]} 17. Be4 {[%emt 0:04:02]} Bd7 {[%emt 0:03:31]} 18. a3 {[%emt 0:16:24]} Nb6 {[%emt 0:02:00]} 19. Rc1 {[%emt 0:01:38]} Rac8 {[%emt 0:07:07]} 20. Qa2 {[%emt 0:01:24]} Nc4 {[%emt 0:01:07]} 21. Be3 {[%emt 0:08:37]} e5 {[%emt 0:02:51]} 22. Nc6 {[%emt 0:01:16]} Bxc6 {[%emt 0:01:00]} 23. Qxc4 {[%emt 0:01:44]} b5 {[%emt 0:12:05]} 24. Qxc6 {[%emt 0:00:19]} Qxc6 {[%emt 0:00:02]} 25. Bxc6 {[%emt 0:00:08]} Rxc6 {[%emt 0:00:04]} 26. a4 {[%emt 0:03:11]} Nc7 {[%emt 0:00:44]} 1/2-1/2

[Event "Israel Championship 2021"]
[Site "Haifa"]
[Date "2021.03.13"]
[Round "7.4"]
[White "Parkhov, Yair"]
[Black "Postny, Evgeny"]
[Result "1/2-1/2"]
[WhiteElo "2407"]
[BlackElo "2605"]
[Annotator "TA"]
[PlyCount "51"]
[EventDate "2021.01.10"]
[EventType "swiss"]
[EventCountry "ISR"]
[SourceTitle "playchess.com"]
[Source "ChessBase"]
[SourceQuality "1"]

{[%evp 9,51,21,18,19,22,16,22,29,27,27,31,33,40,7,25,31,29,20,22,14,20,0,0,0,20,0,58,19,20,14,27,-7,0,8,7,17,37,-4,46,20,33,37,19,-20]} 1. e4 c6 2. d4 d5 3. e5 Bf5 4. h4 h6 5. g4 Bd7 6. Be3 {B12: Caro-Kann: Advance Variation.} e6 7. Qd2 c5 8. dxc5 Qc7 9. Nc3 a6 10. f4 Bxc5 11. h5 Ne7 12. Nf3 Bxe3 13. Qxe3 Nbc6 14. O-O-O O-O-O {[#]} 15. Be2 $146 ({Predecessor:} 15. Kb1 Kb8 16. Bh3 Na5 17. b3 Rc8 18. Kb2 b5 19. Rc1 Qb7 20. Ne2 b4 21. Nfd4 {1-0 (48) Motylev,A (2680)-Zhou,J (1938) China 2014}) 15... Kb8 16. Kb1 Rc8 17. Qc5 Rhd8 (17... f6 $11) 18. Rh3 Be8 19. Nd4 Nxd4 20. Qxc7+ (20. Qxd4 {looks sharper.} f6 21. exf6 Nc6 22. Qd2 gxf6 23. Bd3) 20... Rxc7 21. Rxd4 Rdc8 22. Rd2 Nc6 23. Rg3 Re7 24. a3 g5 25. hxg6 fxg6 26. Bd3 {Weighted Error Value: White=0.11/Black=0.11} (26. g5 $5 {[%cal Rg5h6]}) 1/2-1/2

[Event "Israel Championship 2021"]
[Site "Haifa"]
[Date "2021.03.13"]
[Round "7.5"]
[White "Rozen, Eytan"]
[Black "Kobo, Ori"]
[Result "0-1"]
[WhiteElo "2399"]
[BlackElo "2460"]
[Annotator "ChessBase"]
[PlyCount "80"]
[EventDate "2021.01.10"]
[EventType "swiss"]
[EventCountry "ISR"]
[SourceTitle "playchess.com"]
[Source "ChessBase"]
[SourceQuality "1"]
[TimeControl "40/5400+30:3600+30"]

1. d4 {[%emt 0:00:47]} Nf6 {[%emt 0:00:00]} 2. c4 {[%emt 0:00:28]} e6 {[%emt 0:00:28]} 3. g3 {[%emt 0:00:32]} d5 {[%emt 0:01:13]} 4. Bg2 {[%emt 0:01:24]} h6 {[%emt 0:02:29]} 5. Nf3 {[%emt 0:02:14]} Bd6 {[%emt 0:00:24]} 6. O-O {[%emt 0:00:49]} Nc6 {[%emt 0:00:51]} 7. cxd5 {[%emt 0:02:03]} exd5 {[%emt 0:00:08]} 8. Nc3 {[%emt 0:00:10]} O-O {[%emt 0:05:00]} 9. Bf4 {[%emt 0:00:32]} Bxf4 {[%emt 0:04:38]} 10. gxf4 {[%emt 0:00:04]} Ne7 {[%emt 0:00:15]} 11. e3 {[%emt 0:01:04]} Nf5 {[%emt 0:05:43]} 12. b4 {[%emt 0:05:01]} Nd6 {[%emt 0:04:50]} 13. Qb3 {[%emt 0:05:26]} Be6 {[%emt 0:02:56]} 14. Ne5 {[%emt 0:02:22]} Nfe4 {[%emt 0:04:38]} 15. Nxe4 {[%emt 0:11:34]} Nxe4 {[%emt 0:00:33]} 16. Rfd1 {[%emt 0:00:29]} Qe8 {[%emt 0:14:55]} 17. Rac1 {[%emt 0:22:46]} c6 {[%emt 0:10:16]} 18. b5 {[%emt 0:04:35]} f6 {[%emt 0:00:44]} 19. bxc6 {[%emt 0:09:33]} fxe5 {[%emt 0:00:44]} 20. cxb7 {[%emt 0:00:10]} Rb8 {[%emt 0:00:47]} 21. dxe5 {[%emt 0:00:43]} Qf7 {[%emt 0:15:16]} 22. f3 {[%emt 0:03:27]} d4 {[%emt 0:02:36]} 23. Qc2 {[%emt 0:04:39]} Nc3 {[%emt 0:00:19]} 24. Rxd4 {[%emt 0:02:05]} Nxa2 {[%emt 0:05:22]} 25. Ra1 {[%emt 0:02:34]} Rxb7 {[%emt 0:04:27]} 26. f5 {[%emt 0:03:02]} Qxf5 {[%emt 0:01:54]} 27. Qxf5 {[%emt 0:02:53]} Rxf5 {[%emt 0:00:05]} 28. Rd6 {[%emt 0:02:24]} Rb2 {[%emt 0:04:48]} 29. f4 {[%emt 0:00:30]} Kf7 {[%emt 0:02:25]} 30. Ra6 {[%emt 0:01:53]} Nc3 {[%emt 0:01:31]} 31. Rxa7+ {[%emt 0:02:15]} Kg8 {[%emt 0:00:02]} 32. Ra8+ {[%emt 0:02:46]} Kh7 {[%emt 0:01:42]} 33. Re8 {[%emt 0:01:34]} Bf7 {[%emt 0:02:09]} 34. Re7 {[%emt 0:00:33]} Bd5 {[%emt 0:01:10]} 35. Bf1 {[%emt 0:03:12]} Ne2+ {[%emt 0:00:45]} 36. Bxe2 {[%emt 0:00:21]} Rxe2 {[%emt 0:00:05]} 37. Rd7 {[%emt 0:00:50]} Bf3 {[%emt 0:00:55]} 38. e6 {[%emt 0:00:27]} Rh5 {[%emt 0:00:42]} 39. e7 {[%emt 0:00:22]} Rhxh2 {[%emt 0:00:21]} 40. e8=Q {[%emt 0:00:33]} Rh1# {[%emt 0:00:07]} 0-1

[Event "Israel Championship 2021"]
[Site "Haifa"]
[Date "2021.03.13"]
[Round "7.6"]
[White "Tzidkiya, Yeshaayahu"]
[Black "Birnboim, Nathan"]
[Result "0-1"]
[WhiteElo "2380"]
[BlackElo "2381"]
[Annotator "ChessBase"]
[PlyCount "94"]
[EventDate "2021.01.10"]
[EventType "swiss"]
[EventCountry "ISR"]
[SourceTitle "playchess.com"]
[Source "ChessBase"]
[SourceQuality "1"]
[TimeControl "40/5400+30:3600+30"]

1. e4 {[%emt 0:06:47]} c5 {[%emt 0:00:00]} 2. Nf3 {[%emt 0:00:24]} Nc6 {[%emt 0:00:00]} 3. d4 {[%emt 0:01:03]} cxd4 {[%emt 0:00:00]} 4. Nxd4 {[%emt 0:00:03]} Nf6 {[%emt 0:00:00]} 5. Nc3 {[%emt 0:00:03]} e5 {[%emt 0:00:00]} 6. Ndb5 {[%emt 0:00:06]} d6 {[%emt 0:00:05]} 7. Bg5 {[%emt 0:00:18]} a6 {[%emt 0:00:09]} 8. Na3 {[%emt 0:00:04]} b5 {[%emt 0:00:10]} 9. Nd5 {[%emt 0:00:52]} Be7 {[%emt 0:00:11]} 10. Bxf6 {[%emt 0:00:05]} Bxf6 {[%emt 0:00:06]} 11. c4 {[%emt 0:01:08]} b4 {[%emt 0:00:23]} 12. Nc2 {[%emt 0:00:03]} O-O {[%emt 0:00:29]} 13. g3 {[%emt 0:01:50]} Rb8 {[%emt 0:06:58]} 14. Qd3 {[%emt 0:00:28]} Bg5 {[%emt 0:03:23]} 15. h4 {[%emt 0:00:43]} Bh6 {[%emt 0:00:07]} 16. Bh3 {[%emt 0:00:10]} Be6 {[%emt 0:03:13]} 17. Kf1 {[%emt 0:01:31]} a5 {[%emt 0:03:53]} 18. b3 {[%emt 0:00:11]} Bxd5 {[%emt 0:10:09]} 19. cxd5 {[%emt 0:00:27]} Na7 {[%emt 0:00:44]} 20. a3 {[%emt 0:01:10]} Qc7 {[%emt 0:34:09]} 21. axb4 {[%emt 0:00:28]} axb4 {[%emt 0:00:07]} 22. Kg2 {[%emt 0:11:27]} Nb5 {[%emt 0:10:43]} 23. Nxb4 {[%emt 0:48:52]} Qc3 {[%emt 0:00:11]} 24. Ra4 {[%emt 0:00:11]} Qxd3 {[%emt 0:05:41]} 25. Nxd3 {[%emt 0:00:01]} Nc3 {[%emt 0:00:53]} 26. Rc4 {[%emt 0:10:04]} Rxb3 {[%emt 0:00:33]} 27. Nb4 {[%emt 0:00:17]} g6 {[%emt 0:00:56]} 28. Ra1 {[%emt 0:03:54]} Nb1 {[%emt 0:00:55]} 29. Nc6 {[%emt 0:00:36]} Rb2 {[%emt 0:04:10]} 30. Ne7+ {[%emt 0:09:28]} Kg7 {[%emt 0:00:36]} 31. Nc8 {[%emt 0:00:50]} Nd2 {[%emt 0:10:26]} 32. Rca4 {[%emt 0:00:07]} Rd8 {[%emt 0:00:28]} 33. Re1 {[%emt 0:01:05]} Rc2 {[%emt 0:02:02]} 34. Ne7 {[%emt 0:00:37]} Rb8 {[%emt 0:00:53]} 35. Bg4 {[%emt 0:01:05]} Nc4 {[%emt 0:01:27]} 36. Re2 {[%emt 0:00:45]} Rc1 {[%emt 0:00:34]} 37. Kh2 {[%emt 0:00:34]} Nd2 {[%emt 0:02:22]} 38. Ra2 {[%emt 0:00:36]} Rd1 {[%emt 0:00:32]} 39. f4 {[%emt 0:00:36]} exf4 {[%emt 0:00:07]} 40. Kg2 {[%emt 0:00:09]} Nc4 {[%emt 0:00:14]} 41. gxf4 {[%emt 0:43:11]} Rbb1 {[%emt 0:35:31]} 42. Rf2 {[%emt 0:04:49]} Rg1+ {[%emt 0:09:13]} 43. Kh3 {[%emt 0:00:06]} Rb3+ {[%emt 0:04:05]} 44. Rf3 {[%emt 0:00:12]} Rxf3+ {[%emt 0:00:34]} 45. Bxf3 {[%emt 0:00:01]} Bxf4 {[%emt 0:00:16]} 46. Bg2 {[%emt 0:00:44]} Ne3 {[%emt 0:01:22]} 47. Nc6 {[%emt 0:00:06]} h5 {[%emt 0:00:39]} 0-1

[Event "Israel Championship 2021"]
[Site "Haifa"]
[Date "2021.03.13"]
[Round "7.7"]
[White "Dvoirys, Semen I."]
[Black "Smirin, Ilia"]
[Result "0-1"]
[WhiteElo "2483"]
[BlackElo "2614"]
[Annotator "TA"]
[PlyCount "90"]
[EventDate "2021.01.10"]
[EventType "swiss"]
[EventCountry "ISR"]
[SourceTitle "playchess.com"]
[Source "ChessBase"]
[SourceQuality "1"]

{[%evp 14,90,64,21,24,19,35,0,6,0,0,9,0,-46,-9,-16,0,-20,-18,-22,-15,-23,-21,-34,-22,-24,0,-67,-68,-92,-58,-51,-45,-62,-45,-52,-49,-60,-32,-29,-11,-27,0,-58,-67,-54,-57,-62,-62,-88,-79,-176,-162,-170,-113,-246,-220,-218,-203,-348,-341,-359,-353,-427,-441,-439,-427,-437,-435,-515,-467,-29990,-686,-673,-672,-654,-650,-637,-596]} 1. e4 c5 2. Nf3 e6 3. d4 cxd4 4. Nxd4 a6 5. c4 Nf6 6. Nc3 Qc7 7. Be2 Bb4 8. Qd3 (8. Nc2 $5 {[%cal Rc2b4]} Bxc3+ 9. bxc3 $14) 8... O-O {B41: Sicilian: Kan Variation: 5 c4.} 9. O-O d6 10. Qg3 Bxc3 {[#]The position is equal.} 11. Bh6 $1 {[%csl Gh6][%cal Rg3g7]} Ne8 12. bxc3 {[#]} Nd7 $146 {[%cal Bb8d7,Bd7c5,Bc5e4][%mdl 32]} ({Predecessor:} 12... Kh8 13. Bg5 e5 14. Nf5 Bxf5 15. exf5 Nd7 16. Rad1 Nef6 17. Qh4 Rac8 18. Rd2 Qc5 {1-0 (32) Bacallao Alonso,Y (2577)-Barrientos,S (2486) Cali 2017}) 13. Kh1 Nc5 14. f3 e5 15. Nc2 f5 16. exf5 Bxf5 17. Ne3 Be6 {White should prevent ...Kh8.} 18. f4 Ne4 {[%mdl 64] Double Attack} 19. Qh4 {Strongly threatening fxe5.} N8f6 (19... Nxc3 {looks sharper.} 20. fxe5 Rxf1+ 21. Rxf1 Nxe2 22. Qf2 Ng3+) 20. f5 Bd7 $15 ({Not} 20... gxh6 $2 21. fxe6 Qg7 22. Nf5 $18) 21. Nd5 Qd8 (21... Nxd5 {seems wilder.} 22. cxd5 Nf6 23. Qg5 Be8 24. Qg3 Kh8) 22. Nxf6+ Nxf6 23. Bg5 h6 24. Be3 Bc6 25. Rad1 Ne4 26. Qg4 Qf6 27. Rd3 Rf7 28. Bb6 ({White should play} 28. Bc1 $11) 28... Raf8 29. Kg1 Qe7 30. Re3 Nf6 31. Qh4 {[#]} Qd7 $1 32. Bd3 {[#]} (32. Qh3 $17) 32... Bxg2 $1 $19 {[%mdl 512]} 33. Rf2 Qc6 34. c5 {[#] White does not recover from this.} (34. Rxg2 $17 Qxb6 35. Qxh6) 34... e4 $1 35. Bc4 {[#]} d5 $1 {And now ...Bf3 would win.} 36. Be2 (36. Rxg2 $142 dxc4 37. Qxh6) 36... Bf3 $1 37. Bxf3 exf3 38. Rfxf3 Ne4 39. Qg4 Qd7 40. Rd3 Ng5 41. Rf4 Rxf5 42. h4 {[#]} (42. c6 $19 Qe6 43. Rxf5 Rxf5 44. Bf2 bxc6 45. Re3) 42... h5 $1 43. Rxf5 {Black is clearly winning.} hxg4 44. Rxf8+ Kxf8 45. hxg5 Qf5 {Weighted Error Value: White=0.42/Black=0.27} 0-1

[Event "Israel Championship 2021"]
[Site "Haifa"]
[Date "2021.03.13"]
[Round "7.8"]
[White "Steinberg, Nitzan"]
[Black "Ben Ari, Yannay"]
[Result "1-0"]
[WhiteElo "2553"]
[BlackElo "2403"]
[Annotator "ChessBase"]
[PlyCount "77"]
[EventDate "2021.01.10"]
[EventType "swiss"]
[EventCountry "ISR"]
[SourceTitle "playchess.com"]
[Source "ChessBase"]
[SourceQuality "1"]
[TimeControl "40/5400+30:3600+30"]

1. e4 {[%emt 0:00:00]} c5 {[%emt 0:00:36]} 2. Nf3 {[%emt 0:00:00]} Nc6 {[%emt 0:00:57]} 3. Bb5 {[%emt 0:02:35]} e6 {[%emt 0:00:27]} 4. O-O {[%emt 0:02:22]} Nge7 {[%emt 0:00:15]} 5. Re1 {[%emt 0:00:34]} Nd4 {[%emt 0:00:24]} 6. Nxd4 {[%emt 0:10:00]} cxd4 {[%emt 0:00:03]} 7. d3 {[%emt 0:00:42]} a6 {[%emt 0:03:03]} 8. Ba4 {[%emt 0:00:54]} Nc6 {[%emt 0:09:03]} 9. Nd2 {[%emt 0:02:35]} b5 {[%emt 0:24:03]} 10. Bb3 {[%emt 0:00:04]} Bb7 {[%emt 0:04:14]} 11. a3 {[%emt 0:04:23]} Bd6 {[%emt 0:06:30]} 12. Nf3 {[%emt 0:13:30]} O-O {[%emt 0:02:04]} 13. Bd2 {[%emt 0:08:38]} Rc8 {[%emt 0:11:45]} 14. Rc1 {[%emt 0:02:29]} Qb6 {[%emt 0:06:49]} 15. Ng5 {[%emt 0:08:20]} h6 {[%emt 0:04:22]} 16. Nh3 {[%emt 0:00:08]} Kh7 {[%emt 0:06:06]} 17. f4 {[%emt 0:14:18]} Qd8 {[%emt 0:03:38]} 18. f5 {[%emt 0:02:38]} Qh4 {[%emt 0:08:07]} 19. Rf1 {[%emt 0:01:12]} Ne5 {[%emt 0:01:47]} 20. Rf4 {[%emt 0:04:13]} Qf6 {[%emt 0:01:40]} 21. fxe6 {[%emt 0:03:15]} Qg6 {[%emt 0:00:09]} 22. exd7 {[%emt 0:06:53]} Nxd7 {[%emt 0:00:59]} 23. Rg4 {[%emt 0:00:41]} Qf6 {[%emt 0:00:02]} 24. Qe2 {[%emt 0:01:40]} Ne5 {[%emt 0:00:41]} 25. Rf4 {[%emt 0:00:29]} Qg6 {[%emt 0:00:42]} 26. Rcf1 {[%emt 0:01:32]} Rce8 {[%emt 0:01:05]} 27. Rf5 {[%emt 0:05:06]} Kh8 {[%emt 0:01:48]} 28. Bxh6 {[%emt 0:02:08]} gxh6 {[%emt 0:02:01]} 29. Rf6 {[%emt 0:00:01]} Qg7 {[%emt 0:00:18]} 30. Rxd6 {[%emt 0:00:33]} Rg8 {[%emt 0:00:49]} 31. Rff6 {[%emt 0:01:55]} Re6 {[%emt 0:00:22]} 32. Rfxe6 {[%emt 0:00:45]} fxe6 {[%emt 0:00:01]} 33. Rxe6 {[%emt 0:01:07]} Ng4 {[%emt 0:00:51]} 34. Nf4 {[%emt 0:00:25]} Qg5 {[%emt 0:00:33]} 35. g3 {[%emt 0:00:47]} Kh7 {[%emt 0:00:43]} 36. Rb6 {[%emt 0:00:32]} Rg7 {[%emt 0:00:01]} 37. h4 {[%emt 0:00:32]} Qe7 {[%emt 0:00:55]} 38. Ne6 {[%emt 0:00:18]} Rg6 {[%emt 0:00:35]} 39. Rxb7 {[%emt 0:00:16]} 1-0

[Event "Israel Championship 2021"]
[Site "Haifa"]
[Date "2021.03.13"]
[Round "7.9"]
[White "Rechlis, Gad"]
[Black "Haimovich, Tal"]
[Result "1-0"]
[WhiteElo "2513"]
[BlackElo "2375"]
[Annotator "ChessBase"]
[PlyCount "99"]
[EventDate "2021.01.10"]
[EventType "swiss"]
[EventCountry "ISR"]
[SourceTitle "playchess.com"]
[Source "ChessBase"]
[SourceQuality "1"]
[TimeControl "40/5400+30:3600+30"]

1. e4 {[%emt 0:15:28]} e5 {[%emt 0:00:00]} 2. Nf3 {[%emt 0:00:13]} Nc6 {[%emt 0:00:00]} 3. Bb5 {[%emt 0:00:03]} a6 {[%emt 0:00:00]} 4. Ba4 {[%emt 0:00:04]} Nf6 {[%emt 0:00:00]} 5. O-O {[%emt 0:00:04]} Be7 {[%emt 0:00:00]} 6. Re1 {[%emt 0:00:06]} b5 {[%emt 0:00:10]} 7. Bb3 {[%emt 0:00:01]} d6 {[%emt 0:00:12]} 8. c3 {[%emt 0:00:06]} O-O {[%emt 0:00:07]} 9. h3 {[%emt 0:00:22]} Nb8 {[%emt 0:00:12]} 10. d4 {[%emt 0:00:32]} Nbd7 {[%emt 0:00:05]} 11. Nbd2 {[%emt 0:00:59]} Bb7 {[%emt 0:00:15]} 12. Bc2 {[%emt 0:11:11]} Re8 {[%emt 0:00:11]} 13. b3 {[%emt 0:17:47]} Bf8 {[%emt 0:15:59]} 14. Bb2 {[%emt 0:10:34]} g6 {[%emt 0:17:15]} 15. a4 {[%emt 0:00:41]} Bg7 {[%emt 0:02:27]} 16. d5 {[%emt 0:01:39]} c6 {[%emt 0:03:23]} 17. c4 {[%emt 0:00:21]} b4 {[%emt 0:03:46]} 18. a5 {[%emt 0:02:25]} c5 {[%emt 0:02:54]} 19. Nf1 {[%emt 0:01:11]} Nh5 {[%emt 0:00:55]} 20. Ne3 {[%emt 0:06:15]} Bc8 {[%emt 0:04:22]} 21. Kh2 {[%emt 0:10:15]} Ra7 {[%emt 0:02:33]} 22. Ng1 {[%emt 0:01:50]} Ndf6 {[%emt 0:09:22]} 23. g3 {[%emt 0:03:11]} Rae7 {[%emt 0:05:04]} 24. Ra2 {[%emt 0:04:50]} Rf8 {[%emt 0:12:13]} 25. Bb1 {[%emt 0:05:00]} Kh8 {[%emt 0:03:04]} 26. Ng2 {[%emt 0:01:43]} Ng8 {[%emt 0:02:46]} 27. f4 {[%emt 0:04:37]} exf4 {[%emt 0:03:05]} 28. Bxg7+ {[%emt 0:00:11]} Nxg7 {[%emt 0:00:45]} 29. gxf4 {[%emt 0:01:08]} Rfe8 {[%emt 0:00:35]} 30. Rae2 {[%emt 0:00:36]} f6 {[%emt 0:03:00]} 31. Qd2 {[%emt 0:01:23]} Qxa5 {[%emt 0:04:26]} 32. Nf3 {[%emt 0:00:05]} Qd8 {[%emt 0:02:04]} 33. Ngh4 {[%emt 0:00:35]} Qd7 {[%emt 0:00:47]} 34. Kg1 {[%emt 0:00:25]} a5 {[%emt 0:03:07]} 35. e5 {[%emt 0:00:04]} f5 {[%emt 0:00:48]} 36. Qb2 {[%emt 0:00:31]} Nh6 {[%emt 0:00:45]} 37. e6 {[%emt 0:00:40]} Qd8 {[%emt 0:00:55]} 38. Rg2 {[%emt 0:00:12]} Rf8 {[%emt 0:00:43]} 39. Kh1 {[%emt 0:01:00]} Rc7 {[%emt 0:00:29]} 40. Nxg6+ {[%emt 0:00:43]} hxg6 {[%emt 0:00:16]} 41. Rxg6 {[%emt 1:00:01]} Ng8 {[%emt 0:33:59]} 42. Reg1 {[%emt 0:00:00]} Rf6 {[%emt 0:05:12]} 43. Bxf5 {[%emt 0:00:00]} Rxg6 {[%emt 0:13:46]} 44. Rxg6 {[%emt 0:00:00]} Qf8 {[%emt 0:00:18]} 45. Nh4 {[%emt 0:00:00]} a4 {[%emt 0:03:29]} 46. bxa4 {[%emt 0:00:00]} Ba6 {[%emt 0:00:27]} 47. Bd3 {[%emt 0:00:00]} Bxc4 {[%emt 0:04:21]} 48. Bxc4 {[%emt 0:00:00]} Ne7 {[%emt 0:00:35]} 49. f5 {[%emt 0:00:00]} Nexf5 {[%emt 0:00:49]} 50. Rf6 {[%emt 0:00:00]} 1-0

[Event "Israel Championship 2021"]
[Site "Haifa"]
[Date "2021.03.13"]
[Round "7.10"]
[White "Iliaguev, Nisim"]
[Black "Kraus, Ohad"]
[Result "1-0"]
[WhiteElo "2332"]
[BlackElo "2363"]
[Annotator "ChessBase"]
[PlyCount "89"]
[EventDate "2021.01.10"]
[EventType "swiss"]
[EventCountry "ISR"]
[SourceTitle "playchess.com"]
[Source "ChessBase"]
[SourceQuality "1"]
[TimeControl "40/5400+30:3600+30"]

1. c4 {[%emt 0:00:00]} Nf6 {[%emt 0:03:19]} 2. g3 {[%emt 0:00:00]} c5 {[%emt 0:00:32]} 3. Bg2 {[%emt 0:00:03]} e6 {[%emt 0:00:17]} 4. Nf3 {[%emt 0:00:52]} Qc7 {[%emt 0:01:30]} 5. O-O {[%emt 0:00:36]} b6 {[%emt 0:01:41]} 6. d4 {[%emt 0:06:02]} Bb7 {[%emt 0:01:08]} 7. Nc3 {[%emt 0:00:38]} a6 {[%emt 0:05:52]} 8. d5 {[%emt 0:03:03]} exd5 {[%emt 0:05:46]} 9. cxd5 {[%emt 0:00:01]} d6 {[%emt 0:01:28]} 10. a4 {[%emt 0:04:56]} Nbd7 {[%emt 0:02:51]} 11. e4 {[%emt 0:01:52]} Be7 {[%emt 0:01:42]} 12. Nh4 {[%emt 0:04:53]} Ng8 {[%emt 0:12:02]} 13. Nf5 {[%emt 0:01:42]} g6 {[%emt 0:00:30]} 14. Ne3 {[%emt 0:00:30]} f6 {[%emt 0:25:38]} 15. f4 {[%emt 0:03:25]} Nh6 {[%emt 0:02:25]} 16. Nc4 {[%emt 0:01:46]} Nf7 {[%emt 0:00:28]} 17. Bh3 {[%emt 0:02:00]} Rd8 {[%emt 0:06:15]} 18. Be6 {[%emt 0:04:47]} Nf8 {[%emt 0:02:37]} 19. Qb3 {[%emt 0:09:20]} Rb8 {[%emt 0:00:31]} 20. Bxf7+ {[%emt 0:29:01]} Kxf7 {[%emt 0:00:05]} 21. Qxb6 {[%emt 0:00:17]} Qxb6 {[%emt 0:14:31]} 22. Nxb6 {[%emt 0:00:05]} Ke8 {[%emt 0:02:56]} 23. Nc4 {[%emt 0:01:52]} Nd7 {[%emt 0:01:03]} 24. Bd2 {[%emt 0:03:02]} Bc8 {[%emt 0:03:41]} 25. Nd1 {[%emt 0:01:35]} h5 {[%emt 0:03:00]} 26. Bc3 {[%emt 0:01:55]} Rh7 {[%emt 0:00:11]} 27. Nde3 {[%emt 0:00:30]} Bf8 {[%emt 0:00:19]} 28. Rae1 {[%emt 0:01:18]} Rb7 {[%emt 0:00:59]} 29. Na5 {[%emt 0:01:50]} Rb8 {[%emt 0:00:20]} 30. Nc6 {[%emt 0:00:54]} Rb7 {[%emt 0:00:29]} 31. Nc4 {[%emt 0:00:29]} Rf7 {[%emt 0:00:20]} 32. Rf2 {[%emt 0:01:42]} Nb6 {[%emt 0:00:12]} 33. N6a5 {[%emt 0:06:49]} Nxc4 {[%emt 0:00:28]} 34. Nxc4 {[%emt 0:00:49]} Bd7 {[%emt 0:00:22]} 35. e5 {[%emt 0:02:42]} fxe5 {[%emt 0:00:08]} 36. fxe5 {[%emt 0:00:01]} Rxf2 {[%emt 0:00:43]} 37. exd6+ {[%emt 0:01:11]} Kf7 {[%emt 0:00:25]} 38. Kxf2 {[%emt 0:01:03]} Bxa4 {[%emt 0:00:10]} 39. Re6 {[%emt 0:01:31]} Bg7 {[%emt 0:01:31]} 40. Bxg7 {[%emt 0:04:00]} Kxg7 {[%emt 0:00:02]} 41. Ne5 {[%emt 0:38:46]} Rxb2+ {[%emt 0:35:22]} 42. Ke3 {[%emt 0:01:14]} Rb3+ {[%emt 0:01:16]} 43. Kf4 {[%emt 0:01:02]} Rb4+ {[%emt 0:05:11]} 44. Kg5 {[%emt 0:01:26]} Rd4 {[%emt 0:00:29]} 45. Re7+ {[%emt 0:00:44]} 1-0